| 000 | 00442nam a22001457a 4500 | ||
|---|---|---|---|
| 003 | SGT | ||
| 082 |
_a617.84 _bE23C |
||
| 100 | _aPRANALI, CHOUGLULE | ||
| 245 | _aEFFECT OF PROGRESSIVE MULTITASK TRAINING ON BALANCE , COGNITION, GAIT AND ACTIVITIES OF DAILY LIVING PERFORMANCE IN OLDER ADULTS- AN EXPERIMENTAL STUDY | ||
| 260 |
_aGURUGRAM _bSGT UNIVERSITY _c2023 |
||
| 300 | _a107 | ||
| 650 | _aNEUROLOGY | ||
| 653 | _aMPT | ||
| 942 |
_2ddc _cTH |
||
| 999 |
_c32176 _d32176 |
||